[Event "Tunja Boyaca op-B"]
[Site "Tunja"]
[Date "2019.08.03"]
[Round "6"]
[White "Pachon, Rosmel"]
[Black "Contreras, Henry Esteban"]
[Result "1/2-1/2"]
[WhiteElo "1600"]
[BlackElo "1792"]
[PlyCount "38"]
[EventDate "2019.07.31"]
[EventType "swiss"]
[EventRounds "9"]
[EventCountry "COL"]
[SourceTitle "EXT 2020"]
[Source "ChessBase"]
[SourceDate "2019.10.17"]
[SourceVersion "1"]
[SourceVersionDate "2019.10.17"]
[SourceQuality "1"]

1. e4 c6 2. d4 d5 3. Nc3 dxe4 4. Nxe4 Bf5 5. Ng3 Bg6 6. Nf3 e6 7. Ne5 Nd7 8. Nxg6 hxg6 9. Bd3 Ngf6 10. Be3 Bd6 11. Qe2 Qa5+ 12. Bd2 Qb6 13. Bc3 Nd5 14. 0-0 Qd8 15. Bd2 Qh4 16. h3 Qxd4 17. Bxg6 Bxg3 18. Qxe6+ Kd8 19. Bg5+ Kc8 1/2-1/2

[Event "COL-ch Amateur"]
[Site "Villavicencio"]
[Date "2015.02.19"]
[Round "4"]
[White "Delavalle, Jose Francisco"]
[Black "Contreras, Henry Esteban"]
[Result "1-0"]
[WhiteElo "1918"]
[BlackElo "1807"]
[PlyCount "57"]
[EventDate "2015.02.18"]
[EventType "swiss"]
[EventRounds "9"]
[EventCountry "COL"]
[SourceTitle "CBM 165 Extra"]
[Source "ChessBase"]
[SourceDate "2015.04.21"]
[SourceVersion "1"]
[SourceVersionDate "2015.04.21"]
[SourceQuality "1"]

1. d4 Nf6 2. Bg5 Ne4 3. Bf4 c5 4. f3 Nf6 5. d5 d6 6. e4 e6 7. Nc3 exd5 8. exd5 Be7 9. Bd3 0-0 10. a4 Re8 11. Nge2 b6 12. 0-0 Bb7 13. Bc4 a6 14. Ng3 Bf8 15. Qd2 Nbd7 16. Rae1 Ne5 17. Bxe5 dxe5 18. Rd1 g6 19. Nce4 Bg7 20. Nxf6+ Bxf6 21. Ne4 Bg7 22. c3 h6 23. d6 Qd7 24. a5 Bxe4 25. fxe4 b5 26. Rxf7 Qxf7 27. Bxf7+ Kxf7 28. Qd5+ Kf8 29. Rf1+ 1-0

[Event "Bogota McGregor op 3rd"]
[Site "Bogota"]
[Date "2012.12.14"]
[Round "4"]
[White "Barros Rivadeneira, Cristhian"]
[Black "Contreras, Henry Esteban"]
[Result "1-0"]
[WhiteElo "2238"]
[BlackElo "1808"]
[PlyCount "81"]
[EventDate "2012.12.12"]
[EventType "swiss"]
[EventRounds "9"]
[EventCountry "COL"]
[SourceTitle "EXT 2014"]
[Source "ChessBase"]
[SourceDate "2013.11.20"]
[SourceVersion "1"]
[SourceVersionDate "2013.11.20"]
[SourceQuality "1"]

1. e4 c5 2. Nf3 d6 3. d4 cxd4 4. Nxd4 Nf6 5. Nc3 g6 6. Be2 Bg7 7. Be3 0-0 8. 0-0 Nc6 9. f4 Qb6 10. Na4 Qa5 11. Nc3 Qb6 12. Qd3 Qxb2 13. Rab1 Qa3 14. Nxc6 bxc6 15. Nd5 Qxd3 16. Nxe7+ Kh8 17. cxd3 Bd7 18. Rfc1 c5 19. e5 dxe5 20. fxe5 Ng4 21. Bxc5 Nxe5 22. d4 Ng4 23. Rb7 Bf5 24. Nxf5 gxf5 25. h3 Nh6 26. Bxf8 Bxd4+ 27. Kf1 Rxf8 28. Rbc7 f4 29. Rc8 Kg7 30. Rxf8 Kxf8 31. Rc8+ Kg7 32. Bd3 Bb6 33. Ke2 Ng8 34. Kf3 Be3 35. g3 Ne7 36. Re8 Ng6 37. gxf4 Bc1 38. f5 Nf4 39. Bf1 Nh5 40. Bc4 Kf6 41. Rf8 1-0

[Event "Bogota Humana op"]
[Site "Bogota"]
[Date "2012.12.08"]
[Round "7"]
[White "Contreras, Henry Esteban"]
[Black "Pulido Ardila, Lilian Vanessa"]
[Result "1-0"]
[WhiteElo "1808"]
[BlackElo "1717"]
[PlyCount "73"]
[EventDate "2012.12.05"]
[EventType "swiss"]
[EventRounds "9"]
[EventCountry "COL"]
[SourceTitle "EXT 2014"]
[Source "ChessBase"]
[SourceDate "2013.11.20"]
[SourceVersion "1"]
[SourceVersionDate "2013.11.20"]
[SourceQuality "1"]

1. e4 e5 2. Nf3 Nc6 3. d4 exd4 4. Nxd4 Nxd4 5. Qxd4 Ne7 6. Bc4 d6 7. 0-0 Be6 8. Bxe6 fxe6 9. Bg5 Nc6 10. Qe3 Be7 11. Bxe7 Qxe7 12. Nd2 0-0 13. f4 d5 14. c3 Rad8 15. Nf3 Qf6 16. g3 Qg6 17. e5 a6 18. Nd4 Nxd4 19. cxd4 c6 20. Rac1 Qg4 21. Qf3 Qxf3 22. Rxf3 Kf7 23. g4 g6 24. Rcf1 Ke7 25. a4 h5 26. h3 hxg4 27. hxg4 Rc8 28. b4 b6 29. Rc3 b5 30. a5 Kd8 31. Kg2 Ke7 32. Rh3 Rh8 33. Rfh1 Rhf8 34. Rh7+ Rf7 35. Rxf7+ Kxf7 36. Rh7+ Kg8 37. Ra7 1-0

[Event "Bogota Humana op"]
[Site "Bogota"]
[Date "2012.12.05"]
[Round "1"]
[White "Zabala, Fidel"]
[Black "Contreras, Henry Esteban"]
[Result "1-0"]
[WhiteElo "1984"]
[BlackElo "1808"]
[PlyCount "43"]
[EventDate "2012.12.05"]
[EventType "swiss"]
[EventRounds "9"]
[EventCountry "COL"]
[SourceTitle "EXT 2014"]
[Source "ChessBase"]
[SourceDate "2013.11.20"]
[SourceVersion "1"]
[SourceVersionDate "2013.11.20"]
[SourceQuality "1"]

1. e4 c5 2. Nf3 d6 3. d4 cxd4 4. Nxd4 Nf6 5. Be3 Nxe4 6. Bd3 Nc5 7. Be2 g6 8. h4 Bg7 9. h5 Qa5+ 10. c3 Qc7 11. Nd2 Nc6 12. Nb5 Qd8 13. Nc4 Ne4 14. hxg6 hxg6 15. Rxh8+ Bxh8 16. Qd5 Nf6 17. Nbxd6+ Kd7 18. Qxf7 Qg8 19. Bg4+ Kd8 20. Qxg8+ Nxg8 21. Bxc8 Rxc8 22. Nf7+ 1-0

[Event "Bogota Univ Central op-A 5th"]
[Site "Bogota"]
[Date "2011.10.14"]
[Round "2.1"]
[White "Ortegon Villacorte, Linda Daniela"]
[Black "Contreras, Henry Esteban"]
[Result "0-1"]
[WhiteElo "1775"]
[BlackElo "1874"]
[PlyCount "85"]
[EventDate "2011.10.13"]
[EventType "swiss"]
[EventRounds "9"]
[EventCountry "COL"]
[SourceTitle "EXT 2024"]
[Source "ChessBase"]
[SourceDate "2023.10.10"]
[SourceVersion "1"]
[SourceVersionDate "2023.10.10"]
[SourceQuality "1"]

1. e4 c5 2. Nc3 Nc6 3. f4 d6 4. Bc4 Nf6 5. Nf3 Bg4 6. h3 Bxf3 7. Qxf3 Nd4 8. Qd1 a6 9. a4 e6 10. d3 Be7 11. 0-0 0-0 12. Be3 d5 13. Ba2 b5 14. exd5 b4 15. d6 Qxd6 16. Ne4 Nxe4 17. dxe4 Qc6 18. Bxd4 cxd4 19. Qd3 Rfc8 20. f5 e5 21. Bd5 Qc5 22. Bxa8 Rxa8 23. Rf2 a5 24. Raf1 Bg5 25. Re2 Qc6 26. b3 Rc8 27. Rf3 Qb6 28. Kh1 Rc3 29. Qd1 Rc6 30. Qf1 Qc7 31. Ref2 Rxc2 32. Rxc2 Qxc2 33. Qb5 h6 34. Qe8+ Kh7 35. Qxf7 Qc1+ 36. Kh2 Bf4+ 37. g3 Qd2+ 38. Kh1 Qe1+ 39. Kg2 Qe2+ 40. Rf2 Qxe4+ 41. Kh2 Bxg3+ 42. Kxg3 Qe3+ 43. Kg2 0-1

[Event "Bogota Mayores Distrital op 07"]
[Site "Bogota"]
[Date "2011.07.20"]
[Round "1"]
[White "Contreras, Henry Esteban"]
[Black "Rodriguez Mayorga, Julian E"]
[Result "0-1"]
[WhiteElo "1918"]
[BlackElo "2081"]
[PlyCount "53"]
[EventDate "2011.07.20"]
[EventType "swiss"]
[EventRounds "7"]
[EventCountry "COL"]
[SourceTitle "EXT 2012"]
[Source "ChessBase"]
[SourceDate "2011.11.24"]
[SourceVersion "1"]
[SourceVersionDate "2011.11.24"]
[SourceQuality "1"]

1. e4 e6 2. d4 d5 3. Nd2 c5 4. exd5 Qxd5 5. Ngf3 cxd4 6. Bc4 Qd6 7. 0-0 Nf6 8. Nb3 Nc6 9. Nbxd4 Nxd4 10. Qxd4 Bd7 11. b3 a6 12. Bb2 Qxd4 13. Nxd4 Bc5 14. Nf3 0-0-0 15. Ne5 Be8 16. Rad1 Rxd1 17. Rxd1 Ne4 18. Nd3 Ba7 19. b4 Bc6 20. Bb3 Rd8 21. Kf1 b5 22. f3 Nf6 23. Ke2 Nd5 24. g3 f6 25. Ra1 e5 26. a4 Bb6 27. c4 0-1

[Event "COL-chT"]
[Site "Bogota"]
[Date "2010.10.17"]
[Round "5.3"]
[White "Nunez V, Gustavo Eduardo"]
[Black "Contreras, Henry Esteban"]
[Result "1-0"]
[WhiteElo "2204"]
[BlackElo "1922"]
[PlyCount "29"]
[EventDate "2010.10.15"]
[EventType "swiss"]
[EventRounds "7"]
[EventCountry "COL"]
[SourceTitle "EXT 2024"]
[Source "ChessBase"]
[SourceDate "2023.10.10"]
[SourceVersion "1"]
[SourceVersionDate "2023.10.10"]
[SourceQuality "1"]

1. e4 c5 2. c4 Nc6 3. Nf3 e6 4. Nc3 Nge7 5. d4 cxd4 6. Nxd4 d5 7. exd5 exd5 8. Bg5 f6 9. cxd5 Nxd4 10. Qxd4 fxg5 11. d6 Nf5 12. Qe4+ Kf7 13. Bc4+ Kg6 14. 0-0-0 Bxd6 15. g4 1-0

[Event "Bogota Torneo Distrital op"]
[Site "Bogota"]
[Date "2010.05.14"]
[Round "1.19"]
[White "Camacho Cardenas, Miguel Alejand"]
[Black "Contreras, Henry Esteban"]
[Result "0-1"]
[WhiteElo "1861"]
[BlackElo "1572"]
[PlyCount "28"]
[EventDate "2010.05.14"]
[EventType "swiss"]
[EventRounds "7"]
[EventCountry "COL"]
[SourceTitle "EXT 2024"]
[Source "ChessBase"]
[SourceDate "2023.10.10"]
[SourceVersion "1"]
[SourceVersionDate "2023.10.10"]
[SourceQuality "1"]

1. e4 c5 2. Nf3 d6 3. d4 cxd4 4. Nxd4 Nf6 5. Nc3 g6 6. Nf3 Nc6 7. Bf4 Qa5 8. Qd2 Bg7 9. Bb5 Bd7 10. Bxc6 Bxc6 11. 0-0 0-0 12. Bh6 Nxe4 13. Nxe4 Qxd2 14. Nexd2 Bxh6 0-1

[Event "Bogota Region-ch U16"]
[Site "Bogota"]
[Date "2010.03.05"]
[Round "1.5"]
[White "Gomez, Juan Andres"]
[Black "Contreras, Henry Esteban"]
[Result "1/2-1/2"]
[WhiteElo "1971"]
[BlackElo "1918"]
[PlyCount "122"]
[EventDate "2010.03.05"]
[EventType "swiss"]
[EventRounds "6"]
[EventCountry "COL"]
[SourceTitle "EXT 2024"]
[Source "ChessBase"]
[SourceDate "2023.10.10"]
[SourceVersion "1"]
[SourceVersionDate "2023.10.10"]
[SourceQuality "1"]

1. e4 c5 2. Nf3 Nc6 3. c3 d6 4. Bd3 Nf6 5. Bc2 g6 6. d4 cxd4 7. cxd4 e6 8. Nc3 Bg7 9. Bg5 Qb6 10. Rb1 0-0 11. 0-0 Bd7 12. h3 Rac8 13. Re1 Ne8 14. d5 Ne5 15. Be7 Qc5 16. Bxf8 Kxf8 17. Bb3 Nc7 18. Nxe5 Bxe5 19. dxe6 Nxe6 20. Nd5 Bg3 21. Rf1 Ng5 22. Rc1 Bxf2+ 23. Kh1 Qxc1 24. Qxc1 Rxc1 25. Rxc1 Nxe4 26. Rc7 Bc6 27. Nf4 Ng5 28. Nd3 Bb6 29. Rc8+ Kg7 30. Nb4 Bd7 31. Rc2 Bc6 32. Nxc6 bxc6 33. Rxc6 Bc5 34. Bd5 Kf6 35. a3 Ke5 36. Ba2 Bb6 37. Rc2 Ne6 38. Re2+ Kf5 39. g4+ Kf6 40. Rd2 Ke7 41. Kg2 Kd7 42. b4 f5 43. gxf5 gxf5 44. h4 Be3 45. Rd1 Nd4 46. Bb1 f4 47. Be4 h6 48. Bd5 Ke7 49. Rf1 Kf6 50. h5 Ke5 51. Bb7 d5 52. Kh3 f3 53. Kg3 Ke4 54. a4 Ne2+ 55. Kh2 f2 56. Kg2 Nf4+ 57. Kg3 Ne2+ 58. Kg2 Nc3 59. Ra1 Kd3 60. Kf3 Kd2 61. Kg2 Ke2 1/2-1/2